Advanced General Knowledge Quiz #1 - Statistics

General Stats
  • This quiz has been taken 40 times
  • The average score is 4 of 10
Answer Stats
Question Answer % Correct
Which one is NOT an element? Italium
82%
Which one is NOT a fruit? Squab
64%
What is the only country that is independent against its will? Singapore
55%
Which one is Saturnian satellite? Titan
55%
Which song does NOT belong to Indila? Formidable
27%
Which taxonomic rank is higher? Phylum
27%
Which is NOT a French overseas territory? Saint Croix
27%
Which mountain range is in Europe? Julian Alps
18%
Where is Benin City? Nigeria
18%
Who is the god of death? Thanatos
18%
No matching quizzes found
Score Distribution
Percent of People with Each Score
Percentile by Number Answered
Your Score History
You have not taken this quiz